00430nam a2200133Ia 4500003000900000008004100009040001600050080001500066100001700081245012600098260004200224300001400266650001600280IN-BaIIA211028s9999 xx 000 0 eng d cIIA Library a321.7bNAN aNandy, Ashis 0aIntimate enemybloss and recovery of self under colonialismcAshis Nandy  aOxfordbOxford University Pressc1993 axx, 121p. aColonialism